000 00670nam a2200217 a 4500
001 010573
003 BD-ChCU
008 Ben
020 _a
040 _aDLC
_cDLC
_dBD-ChCU
082 0 0 _a৫২৯.৩০৯৫৪৯২/আ-তা-বা
100 1 _aতালিব, মুহম্মদ আবু
_b-
245 1 0 _aবাংলা সনের জন্মকথা
_b-
250 _a***
260 _aঢাকা
_bবাংলা একাডেমী
_c১৯৯১
300 _a**
504 _a- Biblio-
650 0 _aবাংলা সন-ইতিহাস
_bবাংলা সন-ইতিহাস
700 1 _a-
942 _2ddc
_cBK
999 _c10573
_d10573